Who knocked England out? - Statistics

General Stats
  • This quiz has been taken 311 times
  • The average score is 14 of 18
Answer Stats
Answer % Correct
Italy
99%
Croatia
95%
Germany
95%
West Germany
95%
Brazil
92%
Argentina
91%
Portugal
91%
Spain
85%
Uruguay
83%
Iceland
78%
Netherlands
78%
Belgium
74%
Sweden
71%
Denmark
70%
Costa Rica
63%
Soviet Union
54%
Yugoslavia
46%
Romania
43%
No matching quizzes found
Score Distribution
Percent of People with Each Score
Percentile by Number Answered
Your Score History
You have not taken this quiz